000
00283nam a2200133Ia 4500
100
_a
Lipschutz/ S.
942
_c
BK
654
_a
Finite mathematics
245
_a
Finite mathematics
260
_b
McGraw Hill
_a
New York
_c
1966
082
_a
570
300
_a
339
546
_a
ENGLISH
999
_c
28933
_d
28933